Länder, Hauptstädte, Flaggen und Formen verbinden - Statistiken

Allgemein
  • Dieses Quiz wurde 581 mal gespielt
  • Das Durchschnittsergebnis liegt bei 6 aus 12
Antwortstatistiken
Hint Antwort % Korrekt
Argentinien
57%
Spanien
57%
Zagreb
56%
Dänemark
55%
Litauen Vilnius
55%
Kabul Afghanistan
54%
Wellington
53%
Peru
51%
50%
Libreville
36%
Kathmandu
35%
32%
Keine übereinstimmenden Quizze gefunden
Verteilung der Resultate
Anzahl Personen mit jedem Resultat
Perzentil nach korrekt beantworteten Fragen
Ihre Resultats-Entwicklung
Sie haben dieses Quiz noch nicht gespielt